[Event "Madrid-ch Previa-B"]
[Site "Madrid"]
[Date "2014.03.06"]
[Round "1"]
[White "Lopez Ziegler, Carlos"]
[Black "Munoz Manzano, Jose Manuel"]
[Result "0-1"]
[WhiteElo "1944"]
[BlackElo "2104"]
[PlyCount "110"]
[EventDate "2014.03.06"]
[EventType "swiss"]
[EventRounds "9"]
[EventCountry "ESP"]
[SourceTitle "CBM 159 Extra"]
[Source "ChessBase"]
[SourceDate "2014.04.24"]
[SourceVersion "1"]
[SourceVersionDate "2014.04.24"]
[SourceQuality "1"]

1. e4 e6 2. d4 d5 3. exd5 exd5 4. Nf3 Bd6 5. h3 Bf5 6. Qe2+ Ne7 7. Be3 Nbc6 8. c3 a5 9. a4 0-0 10. Na3 Ng6 11. Qd2 Re8 12. Be2 Qe7 13. 0-0 Qd7 14. Nb5 Bf8 15. Rfe1 Nb8 16. h4 c6 17. h5 Nh8 18. Ne5 Qd8 19. Na3 f6 20. Nf3 Nf7 21. Nh4 Be6 22. Bf3 Ng5 23. Bf4 Nxf3+ 24. gxf3 Bf7 25. Rxe8 Bxe8 26. h6 g5 27. Bxb8 Rxb8 28. Nf5 Bg6 29. Ne3 Bxh6 30. Kg2 Qd6 31. Ng4 Bg7 32. c4 h5 33. c5 Qc7 34. Nh2 b6 35. b4 bxc5 36. bxc5 Rb4 37. Nc2 Rb2 38. Rc1 Qb8 39. Nf1 Qb3 40. Nfe3 Qxa4 41. Qc3 Rb3 42. Qe1 Qb5 43. Ra1 a4 44. Na3 Qb4 45. Qc1 Qc3 46. Qxc3 Rxc3 47. Nd1 Rd3 48. Nc2 Rxd1 49. Rxd1 Bxc2 50. Rc1 Bb3 51. f4 gxf4 52. Kf3 Kf7 53. Rh1 a3 54. Ra1 a2 55. Kxf4 Bh6+ 0-1

[Event "Madrid-ch sf-B"]
[Site "Madrid"]
[Date "2013.03.22"]
[Round "6"]
[White "Munoz Manzano, Jose Manuel"]
[Black "Marcos Herrero, Francisco"]
[Result "1-0"]
[WhiteElo "2011"]
[BlackElo "1912"]
[PlyCount "65"]
[EventDate "2013.03.07"]
[EventType "swiss"]
[EventRounds "9"]
[EventCountry "ESP"]
[SourceTitle "CBM 153 Extra"]
[Source "ChessBase"]
[SourceDate "2013.04.22"]
[SourceVersion "1"]
[SourceVersionDate "2013.04.22"]
[SourceQuality "1"]

1. d4 Nf6 2. Nf3 c5 3. d5 b5 4. c4 Bb7 5. Qc2 e6 6. e4 bxc4 7. Bxc4 exd5 8. exd5 Be7 9. Nc3 0-0 10. 0-0 d6 11. a4 Na6 12. Bf4 Nb4 13. Qd2 a6 14. Rfe1 Re8 15. h3 Qd7 16. Rad1 Bf8 17. Bb3 Rxe1+ 18. Nxe1 Rb8 19. Nd3 Nxd3 20. Qxd3 Bc8 21. Bc2 g6 22. b3 Rb4 23. Qf3 Ne8 24. Nb1 a5 25. Bd2 Rd4 26. Bxa5 Rxd1+ 27. Qxd1 Qa7 28. Bc3 Bb7 29. Be4 Nc7 30. Bf6 Ne8 31. Bb2 Nc7 32. Qd3 Qa8 33. Qc3 1-0

[Event "Madrid San Viator op 18th"]
[Site "Madrid"]
[Date "2012.05.27"]
[Round "8"]
[White "Munoz Manzano, Jose Manuel"]
[Black "Julian Serra, Rogelio"]
[Result "0-1"]
[WhiteElo "1911"]
[BlackElo "2042"]
[PlyCount "50"]
[EventDate "2012.03.25"]
[EventType "swiss"]
[EventRounds "9"]
[EventCountry "ESP"]
[SourceTitle "EXT 2013"]
[Source "ChessBase"]
[SourceDate "2012.11.22"]
[SourceVersion "1"]
[SourceVersionDate "2012.11.22"]
[SourceQuality "1"]

1. d4 Nf6 2. c4 e5 3. dxe5 Ng4 4. Nf3 Nc6 5. Bf4 Bb4+ 6. Nbd2 f6 7. a3 fxe5 8. Nxe5 Bxd2+ 9. Qxd2 Ngxe5 10. Bg5 Ne7 11. Qd4 d6 12. f4 Nf7 13. Qxg7 Bf5 14. 0-0-0 Qd7 15. e4 Rg8 16. Qf6 Nxg5 17. exf5 Ne4 18. Qd4 Nc5 19. Qe3 Qxf5 20. Re1 Rg7 21. g4 Qxg4 22. Bh3 Qxf4 23. Rhf1 Nd3+ 24. Kd2 Qxe3+ 25. Rxe3 Ne5 0-1

[Event "Madrid San Viator op 18th"]
[Site "Madrid"]
[Date "2012.03.25"]
[Round "1"]
[White "Jimenez Sanchez, Juan Daniel"]
[Black "Munoz Manzano, Jose Manuel"]
[Result "1-0"]
[WhiteElo "1420"]
[BlackElo "1911"]
[PlyCount "89"]
[EventDate "2012.03.25"]
[EventType "swiss"]
[EventRounds "9"]
[EventCountry "ESP"]
[SourceTitle "EXT 2013"]
[Source "ChessBase"]
[SourceDate "2012.11.22"]
[SourceVersion "1"]
[SourceVersionDate "2012.11.22"]
[SourceQuality "1"]

1. d4 Nf6 2. c4 e6 3. Nf3 b6 4. Nc3 Bb4 5. Qc2 Bb7 6. Bd2 0-0 7. a3 Bxc3 8. Bxc3 Be4 9. Qd2 d5 10. Ng5 Bg6 11. Rd1 h6 12. Nf3 Ne4 13. Qc1 Nd7 14. cxd5 Nxc3 15. Qxc3 exd5 16. e3 c5 17. Bb5 c4 18. Bc6 Nf6 19. Bxa8 Qxa8 20. Ne5 Bf5 21. f3 Nd7 22. Nxd7 Bxd7 23. 0-0 Re8 24. Rfe1 b5 25. Rd2 Bf5 26. Qb4 Qc6 27. Qc5 Qd7 28. Kf2 Rc8 29. Qb4 Bd3 30. b3 Qd8 31. Kg1 a5 32. Qc3 b4 33. axb4 axb4 34. Qxb4 Rb8 35. Qc3 Rxb3 36. Qa1 Qb8 37. Ra2 Qb4 38. Ra4 Qd2 39. Ra2 Qb4 40. Ra4 Qe7 41. Ra7 Qh4 42. Ra2 c3 43. g3 Qh5 44. Qd1 Rb1 45. Ra8+ 1-0

[Event "SB-2011-0-00182"]
[Site "LSS email"]
[Date "2011.10.16"]
[Round "?"]
[White "Munoz Manzano, Jose Manuel"]
[Black "Silva Filho, Alcindo Luz Bastos"]
[Result "1/2-1/2"]
[WhiteElo "1918"]
[BlackElo "1969"]
[PlyCount "33"]
[EventDate "2011.09.30"]
[EventType "tourn (corr)"]
[EventRounds "6"]
[EventCountry "GER"]
[SourceTitle "Corr 2015"]
[Source "ChessBase"]
[SourceDate "2015.07.17"]
[SourceVersion "1"]
[SourceVersionDate "2015.07.17"]
[SourceQuality "1"]

1. d4 Nf6 2. c4 e6 3. g3 Bb4+ 4. Bd2 c5 5. Bxb4 cxb4 6. Bg2 0-0 7. e4 d6 8. Ne2 e5 9. a3 Qb6 10. 0-0 Bg4 11. axb4 Qxb4 12. f3 Bd7 13. Na3 Rc8 14. Qd3 Nc6 15. b3 a5 16. Nc2 Qb6 17. Rfb1 1/2-1/2